000 00538nam a2200181Ia 4500
005 20250508155439.0
008 008 250505s9999 xx 000 0 eng d
037 _aBooks to be hide in OPAC
040 _aFEDL
_beng
_cFEDL
041 _aeng
_2eng
084 _a370.954, IND
_qFEDL
245 0 _aEducation in the states of the Indian union 1951-52 : A statistical survey
245 0 _cIndia. Education (Ministry of...)
260 _c1955
300 _a157p.
942 _cHB
_h370.954, IND
999 _c1356967
_d1356967